| 000 | 00336nam a22001457a 4500 | ||
|---|---|---|---|
| 082 |
_a510 _bSAN/C |
||
| 100 | _aSANOOP, N P | ||
| 245 | _aCBSE MATHS- 9 EXAM POINT | ||
| 246 |
_aCBSE MATHS- 9 EXAM POINT _bCBSE MATHS- 9 EXAM POINT |
||
| 260 |
_aINDIA _bMAXIMUM |
||
| 300 | _a432 | ||
| 520 | _aMATHS | ||
| 650 | _aMATHEMATICS | ||
| 942 | _cBK | ||
| 999 |
_c8918 _d8918 |
||